Visualizzazione normale
Vista MARC
- Di Capua Edoardo
di Personal Name
Records bibliografici associati: 1
001 - CONTROL NUMBER
- control field: 30536
003 - CONTROL NUMBER IDENTIFIER
- control field: IT-RoPau
005 - DATE AND TIME OF LATEST TRANSACTION
- control field: 20140618165627.0
008 - FIXED-LENGTH DATA ELEMENTS
- fixed length control field: 140618|| aca||aabn | a|a d
040 ## - CATALOGING SOURCE
- Original cataloging agency: IT-RoPau
- Transcribing agency: IT-RoPau
100 ## - HEADING--PERSONAL NAME
- Personal name: Di Capua Edoardo
- Dates associated with a name: Codice autore musica SPICS: 13138
- Relator term: Autore musica
- Name of part/section of a work: 'O sole mio
670 ## - SOURCE DATA FOUND
- Source citation: Work cat.: (IT-RoPau)99274: AA.VV. 794, Top of the Spot Classic